| 000 | 00720nam a22001577a 4500 | ||
|---|---|---|---|
| 003 | OSt | ||
| 005 | 20151120143943.0 | ||
| 008 | 151120b xxu||||| |||| 00| 0 eng d | ||
| 040 | _cRUA | ||
| 082 | _aFIS ទឹម 1995 B159 Or.1 | ||
| 100 |
_93960 _aទឹម សាវុធ |
||
| 245 | _aSocioeconomice benefits of inundated forests in kandal province-a case study of khpob commune saang district, ផលប្រយោជសេដ្ឋកិច្ចសង្គមនៃព្រៃលិចទឹកក្នុង ខេត្តកណ្ដាល សិក្សាឃុំខ្ពប ស្រុកស្អាង, | ||
| 260 |
_aPhnom Penh _bRUA _c1995 |
||
| 300 |
_a63p. _bill. _c29cm. |
||
| 942 |
_2ddc _cFIS |
||
| 999 |
_c3681 _d3681 |
||